000 00502nam a2200193Ia 4500
008 220531s9999 xx 000 0 und d
041 _aeng
082 _bPRA / SAN
100 _aSantra, S. C.
_976072
245 _aPractical Botany, Volume -I
250 _a1ST
260 _aKolkata
_bNew Central Book Agency
_c2015
300 _a605
542 _d14-09-2018
551 _aEconomics
_bNon-grant-E
650 _aPractical Botany
_976073
906 _d2018-2019
_f13023
999 _c42265
_d42265